Digital control systems--theory, hardware, software / (Record no. 184042)
[ view plain ]
| 000 -LEADER | |
|---|---|
| fixed length control field | 01182 a2200217 4500 |
| 003 - CONTROL NUMBER IDENTIFIER | |
| control field | Nust |
| 005 - DATE AND TIME OF LATEST TRANSACTION | |
| control field | 20230504130151.0 |
| 010 ## - LIBRARY OF CONGRESS CONTROL NUMBER | |
| LC control number | 84009644 |
| 020 ## - INTERNATIONAL STANDARD BOOK NUMBER | |
| International Standard Book Number | 0070304807 |
| 040 ## - CATALOGING SOURCE | |
| Transcribing agency | Nust |
| 082 00 - DEWEY DECIMAL CLASSIFICATION NUMBER | |
| Classification number | 629.895,HOU |
| 100 1# - MAIN ENTRY--PERSONAL NAME | |
| Personal name | Houpis, Constantine H. |
| 9 (RLIN) | 110984 |
| 245 10 - TITLE STATEMENT | |
| Title | Digital control systems--theory, hardware, software / |
| Statement of responsibility, etc. | Constantine H. Houpis, Gary B. Lamont. |
| 260 ## - PUBLICATION, DISTRIBUTION, ETC. | |
| Place of publication, distribution, etc. | New York : |
| Name of publisher, distributor, etc. | McGraw-Hill, |
| Date of publication, distribution, etc. | c1985. |
| 300 ## - PHYSICAL DESCRIPTION | |
| Extent | xix, 667 p. : |
| Other physical details | ill. ; |
| Dimensions | 25 cm. |
| 440 #0 - SERIES STATEMENT/ADDED ENTRY--TITLE | |
| Title | McGraw-Hill series in electrical engineering. |
| 9 (RLIN) | 20188 |
| 505 ## - FORMATTED CONTENTS NOTE | |
| Formatted contents note | Introduction (Page-1),Computer System Architecture (Page-27), Linear Systems And Sampling Process (Page-73), Discrete Systems (Page-108),Continuous Time Control (Page-156), Discrete Control Analysis (Page-191), Discrete Transform Analysis (Page-234), Principle of Signal Conversion (Page-257), Random Processes (Page-299), Analysis of Finite Word (Page-319), Cascade Compensation (Page-354), Feedback Compensation (Page-406), Software Engineering (Page-423), Real-Time Operating (Page-473), Introduction to Discrete State (Page-503). |
| 650 #0 - SUBJECT ADDED ENTRY--TOPICAL TERM | |
| Topical term or geographic name entry element | Digital control systems. |
| 700 1# - ADDED ENTRY--PERSONAL NAME | |
| Personal name | Lamont, Gary B. |
| 9 (RLIN) | 96233 |
| 942 ## - ADDED ENTRY ELEMENTS (KOHA) | |
| Source of classification or shelving scheme | |
| Koha item type | Book |
| Withdrawn status | Lost status | Source of classification or shelving scheme | Damaged status | Not for loan | Permanent Location | Current Location | Shelving location | Date acquired | Full call number | Barcode | Date last seen | Price effective from | Koha item type | Public note | Total Checkouts |
|---|---|---|---|---|---|---|---|---|---|---|---|---|---|---|---|
| Military College of Signals (MCS) | Military College of Signals (MCS) | General Stacks | 12/12/2016 | 629.895,HOU | MCS768 | 12/08/2016 | 12/12/2016 | Book | Almirah No.74, Shelf No.8 | ||||||
| Military College of Signals (MCS) | Military College of Signals (MCS) | General Stacks | 05/04/2023 | 629.895,HOU | MCS767 | 05/04/2023 | 05/04/2023 | Book | Almirah No.74, Shelf No.8 |
